|
|
|
|
| LEADER |
01170nam a22003252a 4500 |
| 001 |
001217010 |
| 003 |
CZ BrMZK |
| 005 |
20190314132704.0 |
| 007 |
ta |
| 008 |
120528s1976 xr gr|||||||||f|cze d |
| 015 |
|
|
|a cnb000134277
|
| 035 |
|
|
|a (OCoLC)4201841
|
| 040 |
|
|
|a ABA001
|b cze
|c KLG001
|d ABA001
|d BOA001
|
| 072 |
|
7 |
|a 821.162.3-3
|x Česká próza
|2 Konspekt
|9 25
|
| 080 |
|
|
|a 821.162.3-31
|2 MRF
|
| 080 |
|
|
|a (0:82-31)
|2 MRF
|
| 100 |
1 |
|
|a Adlová, Věra,
|d 1919-1999
|7 jk01010127
|4 aut
|
| 245 |
1 |
0 |
|a Růže z Flander /
|c Věra Adlová
|
| 250 |
|
|
|a 1. vyd.
|
| 260 |
|
|
|a Praha :
|b Československý spisovatel,
|c 1976
|
| 300 |
|
|
|a 164 s.
|
| 490 |
1 |
|
|a Žatva
|
| 655 |
|
7 |
|a české romány
|7 fd133974
|2 czenas
|
| 830 |
|
0 |
|a Žatva (Československý spisovatel)
|0 s
|
| 856 |
4 |
1 |
|u http://www.digitalniknihovna.cz/mzk/uuid/uuid:f7add2e0-3f6f-11e2-b246-005056827e52
|y Digitalizovaný dokument
|x NDK
|
| 910 |
|
|
|a BOA001
|b 2-0762.485
|
| 990 |
|
|
|a BK
|
| 991 |
|
|
|b 201205
|
| 996 |
6 |
|
|b 2619517363
|c 2-0762.485
|l MZK
|r Sklad / do 1 hodiny
|n 0
|w 001250722
|u 000020
|a 1
|e BOA001
|j MZK50
|s P
|
| 996 |
7 |
|
|b 2619517364
|c 2-0762.485
|l MZK
|r Sklad / do 1 hodiny
|n 0
|w 001250722
|u 000010
|a 1
|e BOA001
|j MZK50
|s A
|